Riconosci il Pokémon - Quiz n°324 - Statistics

Statistiche generali
  • Questo quiz è stato fatto 1 volte
  • Il punteggio medio è 5 su 10
Statistiche sulle risposte
Indizio Risposta % Corretto
Tasso di cattura 127 (26%)
100%
Tipo Buio
100%
Abilità Fugafacile; Agiltecnica; Sorveglianza
100%
Generazione Ottava
100%
Stadio evoluzione Prima evoluzione
100%
Altezza 1,2 m
0%
Peso 19,9 kg
0%
Sesso 50% ♂, 50% ♀
0%
Pokémon Thievul
0%
Tasso di allevamento Veloce
0%
Nessun quiz corrispondente trovato
Distribuzione punteggi
Percentuale di utenti per punteggio
Percentile per numero di risposta
I tuoi punteggi nel tempo
Non hai fatto questo quiz